000 00660nac a22002051u 4500
010 _a 80041481
020 _a0240512731 (pbk.)
082 0 0 _a621.3893
_bALK
090 _c8107
_d8107
100 _aAlkin, E. G. M.
245 1 0 _aSound recording and reproduction /
_cGlyn Alkin.
260 _aLondon ;
_aBoston :
_bFocal Press,1987, c1981.
_c1987, c1981.
300 _a224 p. :
_bill. ;
_c22 cm.
440 0 _aMedia manuals
500 _aDistributer: Al-Ahram.
504 _aBibliography: p. 215.
511 _aCatalogued By: Mahitab.
650 0 _aSound
_xRecording and reproducing.
942 _cBB
_k621.3893ALK
999 _c8107
_d8107